Guess movie by bad description - Statistics

General Stats
  • This quiz has been taken 209 times
  • The average score is 7 of 19
Answer Stats
Description Movie % Correct
Purple guy kills half of the universe by his stones collection Avengers: Infinity War
77%
Four friends prefers catch ghosts than do real job Ghostbusters
75%
Not suppose to talk about that Fight Club
57%
Child tries to murder two men Home Alone
54%
Dad dies and two his sons needs to fight their bad sister who wants the throne Thor: Ragnarok
51%
Same thing over and over and over again Groundhog Day
46%
Ugly man kills innocent teenegers in their sleep A Nightmare on Elm Street
41%
Mother falls in love with her son Back to The Future
38%
Everyone tries the ice bucket challenge Titanic
37%
Group of people spends 9 hours to destroy jewelry Lord of the Rings
34%
teenage boy-robot do a haircut for people from neighborhood Edward Scissorhands
33%
Family-friendly version of Hamlet The Lion King
32%
Profesional thief becames small guy Antman
25%
Weird drug maker guy kills children in front of their parents Charlie and the Chocolate Factory
24%
Man takes drugs and studdently can do kung-fu The Matrix
22%
Two idiots fight over another man's wife at a ski resort Dumb and Dumber
20%
Two guys and woman and her sister turn into zombie killers family Zombieland
20%
Father doesn't accept his son's black friend How to Train Your Dragon
9%
Family vacation goes wrong The Shining
5%
No matching quizzes found
Score Distribution
Percent of People with Each Score
Percentile by Number Answered
Your Score History
You have not taken this quiz